Caring for Children and Families / (Record no. 16697)
[ view plain ]
| 000 -LEADER | |
|---|---|
| fixed length control field | 01789cam a22003374a 4500 |
| 001 - CONTROL NUMBER | |
| control field | 14260326 |
| 005 - DATE AND TIME OF LATEST TRANSACTION | |
| control field | 20070821145159.0 |
| 008 - FIXED-LENGTH DATA ELEMENTS--GENERAL INFORMATION | |
| fixed length control field | 060208s2006 enka b 001 0 eng |
| 020 ## - INTERNATIONAL STANDARD BOOK NUMBER | |
| International Standard Book Number | 0470019700 (pbk. : alk. paper) |
| 020 ## - INTERNATIONAL STANDARD BOOK NUMBER | |
| International Standard Book Number | 9780470019702 |
| 035 ## - SYSTEM CONTROL NUMBER | |
| System control number | (OCoLC)ocm64065851 |
| 035 ## - SYSTEM CONTROL NUMBER | |
| System control number | (OCoLC)64065851 |
| 040 ## - CATALOGING SOURCE | |
| Original cataloging agency | DNLM/DLC |
| Transcribing agency | DLC |
| Modifying agency | NLM |
| -- | BAKER |
| -- | BWKUK |
| -- | YDXCP |
| -- | OCLCQ |
| -- | BTCTA |
| -- | DLC |
| 082 00 - DEWEY DECIMAL CLASSIFICATION NUMBER | |
| Classification number | 618.9200231 |
| Edition number | 22 |
| Item number | CAR |
| 245 00 - TITLE STATEMENT | |
| Title | Caring for Children and Families / |
| Statement of responsibility, etc | edited by I. Peate, L. Whiting. |
| 260 ## - PUBLICATION, DISTRIBUTION, ETC. (IMPRINT) | |
| Place of publication, distribution, etc | Chichester, England ; |
| -- | Hoboken, NJ : |
| Name of publisher, distributor, etc | J. Wiley & Sons, |
| Date of publication, distribution, etc | c2006. |
| 300 ## - PHYSICAL DESCRIPTION | |
| Extent | xv, 298 p. : |
| Other physical details | ill. ; |
| Dimensions | 23 cm. |
| 440 #0 - | |
| -- | Wiley series in nursing |
| -- | 29754 |
| 504 ## - BIBLIOGRAPHY, ETC. NOTE | |
| Bibliography, etc | Includes bibliographical references and index. |
| 505 0# - FORMATTED CONTENTS NOTE | |
| Formatted contents note | Children and their families -- Communicating with children and families -- Working as a member of the child health team -- Health promotion : a child-centred approach -- Biological aspects of child health care -- Assessing and monitoring of children -- The importance of play -- Maintaining safety -- Accident prevention -- Safeguarding children -- Legal concerns -- Future aspirations. |
| 650 #0 - SUBJECT ADDED ENTRY--TOPICAL TERM | |
| Topical term or geographic name as entry element | Pediatric nursing. |
| 9 (RLIN) | 29755 |
| 650 12 - SUBJECT ADDED ENTRY--TOPICAL TERM | |
| Topical term or geographic name as entry element | Pediatric Nursing |
| General subdivision | methods. |
| 9 (RLIN) | 29756 |
| 650 22 - SUBJECT ADDED ENTRY--TOPICAL TERM | |
| Topical term or geographic name as entry element | Family. |
| 9 (RLIN) | 29757 |
| 653 ## - INDEX TERM--UNCONTROLLED | |
| Resource For college | |
| Arrived date list | May2012 |
| 700 1# - ADDED ENTRY--PERSONAL NAME | |
| Personal name | Peate, Ian. |
| 9 (RLIN) | 29758 |
| 700 1# - ADDED ENTRY--PERSONAL NAME | |
| Personal name | Whiting, Lisa. |
| 9 (RLIN) | 29759 |
| 942 ## - ADDED ENTRY ELEMENTS (KOHA) | |
| Source of classification or shelving scheme | Dewey Decimal Classification |
| Item type | Book - Borrowing |
| Withdrawn status | Item status | Source of classification or shelving scheme | Damaged status | Not for loan | Vendor | Home library | Current library | Shelving location | Date acquired | Source of acquisition | Cost, normal purchase price | Serial Enumeration / chronology | Total Checkouts | Total Renewals | Full call number | Barcode | Date last seen | Date last borrowed | Koha item type |
|---|---|---|---|---|---|---|---|---|---|---|---|---|---|---|---|---|---|---|---|
| Dewey Decimal Classification | Baccah | Central Library | Central Library | First floor | 02/05/2012 | 325.00 | 15015 | 3 | 32 | 618.9200231 CAR | 000026729 | 15/07/2025 | 09/02/2023 | Book - Borrowing | |||||
| Dewey Decimal Classification | Baccah | Central Library | Central Library | First floor | 02/05/2012 | 325.00 | 15015 | 618.9200231 CAR | 000026730 | 15/07/2025 | NB - Book (Non borrowing) |